| 000 | 00349nam a22001457a 4500 | ||
|---|---|---|---|
| 005 | 20170401171600.0 | ||
| 008 | 170401b xxu||||| |||| 00| 0 eng d | ||
| 020 | _a978-93-5014-209-7 | ||
| 041 | _aeng | ||
| 100 |
_aUPADHAYAY, A.K. _93816 |
||
| 245 | _aSTEEL STRUCTURES (DESING AND DRAWING) | ||
| 260 | _bS.K. KATARIA | ||
| 300 | _a349 | ||
| 942 | _cBK | ||
| 999 |
_c5414 _d5412 |
||